000 003730000a22001450004500
001 001646
003 MACL
040 _aMACL
090 _c13639
_d13638
100 _aTagare, G.V
245 _aAncient Indian Tradition & Mythology The SkandaP̜urana
_bPart X ,Vol 58
_cG.V Tagare
260 _aMotilal Banarsidass Publisher,
_c1996
650 _aReligion
942 _k295
_cBook
999 _c13564
_d13564